00567nam a2200217Ia 4500008004100000020002700041100001700068245001900085260001500104260002000119260000900139300002400148300002700172300001100199650001700210650002400227650003000251650001300281700000700294700004800301160803s9999 xx 000 0 und d a0590411969 (paperback) aKrauss, Ruth aIs this you? / aNew York : bScholastic Inc. c1995 aunnumbered pages :  bcolor illustrations ;  c23 cm. aChildren --  aSelf-perception --  xCaricatures and cartoons. xFiction. aBR aJohnson, Crockett, 1906-1975., added author